Vplyv rmutovania na zloženie mladiny bakalárska práca

Uložené v:
Podrobná bibliografia
Hlavný autor: Pramuková, Iveta
Médium: Kniha
Jazyk:Slovak
Vydavateľské údaje: Bratislava STU FCHPT 2015
On-line prístup:View in OPAC
Tagy: Pridať tag
Žiadne tagy, Buďte prvý, kto otaguje tento záznam!

MARC

LEADER 00000nam a2200000 a 4500
005 20260127134258.0
008 151102 2015 000 0 slo d
035 |a vtls011133907 
039 9 |y 201511021156  |z mschk03 
040 |a STUSCHK1  |b slo  |c STUSCHK1  |e AACR2 
100 1 |a Pramuková, Iveta 
245 1 |a Vplyv rmutovania na zloženie mladiny  |b bakalárska práca  |c Iveta Pramuková 
260 |a Bratislava  |b STU FCHPT  |c 2015 
300 |a 48 s.  |b il.  |c 25 cm 
500 |a Študijný program: biotechnológia a potrainárska technológia 
500 |a Študijný odbor: biotechnológie 
500 |a Školiace pracovisko: Odd. biochemickej technológie 
500 |a Evid. číslo: FCHPT-13567-42775 
910 |a SCHK95 
999 |c 8604  |d 8604